| 000 | 00628nam a2200193 i 4500 | ||
|---|---|---|---|
| 001 | 87810 | ||
| 003 | ES-MaACL | ||
| 005 | 20230906175738.0 | ||
| 007 | t| | ||
| 008 | 041223s1945 sp ||||1| spa d | ||
| 100 | 1 |
_aLacarra, José María ( _d1907-1987) _969329 |
|
| 245 | 1 | 0 |
_aOrígenes del Condado de Aragón / _cpor José María Lacarra. |
| 260 |
_aZaragoza : _b[s.n., _c1945] ( _fLa Académica) |
||
| 300 |
_a16 p. ; _c25 cm. |
||
| 500 | _aDedicatoria manuscrita del autor. | ||
| 651 | 4 |
_aAragón- _xHistoria- _yS.V-XV. _9157645 |
|
| 710 | 2 |
_aEstación de Estudios Pirenaicos. _94013 |
|
| 852 |
_aES-MaACL _j1852-F-6 _bR.21401 |
||
| 999 |
_c87810 _d87810 |
||